[Event "Mittelfranken-ch QT 56th"]
[Site "Postbauer"]
[Date "2007.04.06"]
[Round "5"]
[White "Grasser, Stefan"]
[Black "Shetta, Maurice"]
[Result "1/2-1/2"]
[WhiteElo "1619"]
[BlackElo "1522"]
[PlyCount "72"]
[EventDate "2007.04.04"]
[EventType "swiss"]
[EventRounds "7"]
[EventCountry "GER"]
[SourceTitle "EXT 2015"]
[Source "ChessBase"]
[SourceDate "2014.11.20"]
[SourceVersion "1"]
[SourceVersionDate "2014.11.20"]
[SourceQuality "1"]

1. c4 e6 2. Nc3 Nf6 3. g3 d5 4. cxd5 exd5 5. d4 c6 6. Bg2 Bf5 7. Nf3 Bd6 8. 0-0 Nbd7 9. Re1 0-0 10. Nh4 Be6 11. e4 dxe4 12. Nxe4 Nxe4 13. Bxe4 Bb4 14. Bd2 Bxd2 15. Qxd2 Nc5 16. Bxh7+ Kxh7 17. Qc2+ Nd3 18. Qxd3+ Kg8 19. Re5 Qf6 20. Rae1 Rad8 21. R1e4 Rd7 22. Nf3 Bf5 23. Rxf5 Qxf5 24. Qe2 Rfd8 25. Nh4 Qf6 26. Re8+ Kh7 27. Qh5+ Qh6 28. Qg4 g6 29. Nf3 Rxd4 30. Ng5+ Kg7 31. Ne6+ fxe6 32. Re7+ Kh8 33. Qxe6 R4d6 34. Re8+ Rxe8 35. Qxe8+ Kh7 36. Qe7+ Qg7 1/2-1/2

[Event "Nuremberg LGA Cup 3rd"]
[Site "Nuremberg"]
[Date "2006.09.10"]
[Round "7.67"]
[White "Mons, Leon"]
[Black "Shetta, Maurice"]
[Result "1/2-1/2"]
[WhiteElo "1655"]
[BlackElo "1451"]
[PlyCount "42"]
[EventDate "2006.09.07"]
[EventType "swiss"]
[EventRounds "7"]
[EventCountry "GER"]
[SourceTitle "EXT 2022"]
[Source "ChessBase"]
[SourceDate "2021.10.06"]
[SourceVersion "1"]
[SourceVersionDate "2021.10.06"]
[SourceQuality "1"]

1. e4 e6 2. d4 d5 3. Bd3 c5 4. exd5 Qxd5 5. Nf3 cxd4 6. 0-0 Nc6 7. c3 dxc3 8. Nxc3 Qd8 9. Bf4 a6 10. Qe2 Nf6 11. Rfd1 Bd7 12. Rac1 Be7 13. Ne4 0-0 14. Ne5 Nxe5 15. Bxe5 Nd5 16. Nc3 Bc6 17. Nxd5 exd5 18. Rc3 h6 19. Qg4 Bf6 20. Qf5 Re8 21. Bxf6 Qxf6 1/2-1/2

[Event "Mittelfranken-ch QT 55th"]
[Site "Postbauer"]
[Date "2006.04.13"]
[Round "3"]
[White "Shetta, Maurice"]
[Black "Stahl, Peter1"]
[Result "1-0"]
[WhiteElo "1421"]
[BlackElo "1263"]
[PlyCount "105"]
[EventDate "2006.04.12"]
[EventType "swiss"]
[EventRounds "7"]
[EventCountry "GER"]
[SourceTitle "EXT 2015"]
[Source "ChessBase"]
[SourceDate "2014.11.20"]
[SourceVersion "1"]
[SourceVersionDate "2014.11.20"]
[SourceQuality "1"]

1. e4 e5 2. Nf3 Nc6 3. Bc4 Nf6 4. d3 d5 5. exd5 Nxd5 6. Bxd5 Qxd5 7. Nc3 Bb4 8. Bd2 Qd8 9. h3 0-0 10. a3 Bc5 11. Be3 Bd4 12. Qd2 Bxe3 13. fxe3 f5 14. 0-0-0 b6 15. Nh2 Bb7 16. Rhg1 f4 17. exf4 exf4 18. Rgf1 Qg5 19. Ne4 Qe5 20. Ng4 Qf5 21. Rf2 Ne7 22. Re1 Kh8 23. Nef6 Ng6 24. Ne4 a5 25. Qc3 Rf7 26. Nh6 Qd7 27. Nxf7+ Qxf7 28. Ng5 Qf5 29. Ne6 Qf7 30. Qxc7 Qxc7 31. Nxc7 Rc8 32. Re8+ Rxe8 33. Nxe8 Kg8 34. Nd6 Bc6 35. c4 Kf8 36. b4 axb4 37. axb4 Ke7 38. Nf5+ Ke6 39. Nxg7+ Kd7 40. Nh5 Ne5 41. Kd2 f3 42. gxf3 Nxf3+ 43. Ke3 Ne5 44. Nf6+ Ke6 45. Nxh7 b5 46. Ng5+ Kd6 47. Nf7+ Nxf7 48. Rxf7 bxc4 49. dxc4 Be8 50. Rf5 Bd7 51. Rd5+ Kc6 52. Rxd7 Kxd7 53. Kd4 1-0